[Event "FRA-ch U14 Girls"]
[Site "Calvi"]
[Date "2005.04.21"]
[Round "6"]
[White "Fajolle, Iris"]
[Black "Forgues, Valerie"]
[Result "1/2-1/2"]
[WhiteElo "1680"]
[BlackElo "1830"]
[PlyCount "77"]
[EventDate "2005.04.??"]
[EventType "swiss"]
[EventRounds "9"]
[EventCountry "FRA"]
[SourceTitle "EXT 2006"]
[Source "ChessBase"]
[SourceDate "2005.11.24"]
[SourceVersion "1"]
[SourceVersionDate "2005.11.24"]
[SourceQuality "1"]

1. d4 d5 2. Nf3 Nf6 3. c4 e6 4. Nc3 Nbd7 5. Bg5 c6 6. e3 Qa5 7. Nd2 Bb4 8. Qc2 0-0 9. Be2 Re8 10. 0-0 Qc7 11. a3 Be7 12. b4 dxc4 13. Bxc4 b6 14. Nf3 Bb7 15. Bd3 h6 16. Bf4 Bd6 17. Bxd6 Qxd6 18. Rac1 Rac8 19. Ne4 Qd5 20. Nfd2 c5 21. Bc4 Qh5 22. Nd6 Ba8 23. Nxe8 Rxe8 24. f3 Qg5 25. Qd3 cxb4 26. axb4 Nf8 27. Qe2 Rd8 28. Qf2 b5 29. Be2 e5 30. Rc5 Nd5 31. e4 Ne6 32. Rxb5 Nc3 33. Bd3 Nxb5 34. Bxb5 Nxd4 35. Bc4 Nc6 36. Nb3 Nd4 37. Rd1 Nxb3 38. Rxd8+ Qxd8 39. Bxb3 1/2-1/2

[Event "France-ch U12 Girls"]
[Site "Reims"]
[Date "2004.04.24"]
[Round "8"]
[White "Fajolle, Iris"]
[Black "Forgues, Valerie"]
[Result "1/2-1/2"]
[WhiteElo "1670"]
[BlackElo "1620"]
[PlyCount "89"]
[EventDate "2004.04.??"]
[EventType "swiss"]
[EventRounds "9"]
[EventCountry "FRA"]
[SourceTitle "EXT 2005"]
[Source "ChessBase"]
[SourceDate "2004.11.15"]
[SourceVersion "1"]
[SourceVersionDate "2004.11.15"]
[SourceQuality "1"]

1. d4 d5 2. c4 c6 3. cxd5 cxd5 4. Nc3 Nf6 5. Bf4 Nc6 6. Nf3 Bf5 7. e3 a6 8. Bd3 Bg6 9. 0-0 e6 10. a3 Be7 11. Ne5 Rc8 12. Rc1 0-0 13. Nxg6 fxg6 14. h3 Na5 15. Ne2 Rxc1 16. Qxc1 Nc6 17. Qc3 Qb6 18. Bc2 Rc8 19. Qb3 Qxb3 20. Bxb3 Ne4 21. Rc1 Nd2 22. Ba2 Rf8 23. Rc2 Ne4 24. Bh2 Rxf2 25. Bg3 Rf6 26. Be1 g5 27. Ng3 Nd6 28. Bb3 Nf5 29. Nxf5 Rxf5 30. e4 Rf4 31. exd5 Nxd4 32. Rc8+ Kf7 33. dxe6+ Nxe6 34. Rc7 Kf6 35. Bc3+ Nd4 36. Rc4 Ke5 37. g3 Re4 38. Bc2 Kd5 39. Bxe4+ Kxc4 40. Bxb7 Ne2+ 41. Kf2 Nxc3 42. bxc3 Kxc3 43. Bxa6 Bxa3 44. Kf3 h6 45. Kg4 1/2-1/2

[Event "France-ch U12 Girls"]
[Site "Reims"]
[Date "2004.04.19"]
[Round "3"]
[White "Fajolle, Iris"]
[Black "Nguyen, Angeline"]
[Result "1-0"]
[WhiteElo "1670"]
[BlackElo "1550"]
[PlyCount "75"]
[EventDate "2004.04.??"]
[EventType "swiss"]
[EventRounds "9"]
[EventCountry "FRA"]
[SourceTitle "EXT 2005"]
[Source "ChessBase"]
[SourceDate "2004.11.15"]
[SourceVersion "1"]
[SourceVersionDate "2004.11.15"]
[SourceQuality "1"]

1. d4 e6 2. c4 Nf6 3. Nc3 Bb4 4. Bg5 Bxc3+ 5. bxc3 h6 6. Bh4 d6 7. e3 b6 8. Bd3 Bb7 9. Nf3 Nbd7 10. 0-0 0-0 11. Nd2 c5 12. Ne4 Rb8 13. Nxd6 Qc7 14. Bg3 Qc6 15. Nxb7 Rxb7 16. Be2 Ne4 17. Bf3 Ndf6 18. Qd3 Re7 19. Be5 Nd7 20. Bxg7 Kxg7 21. Bxe4 Qc7 22. Qe2 Nf6 23. Bc2 Kh8 24. Qd3 Rg8 25. e4 Ng4 26. e5 f6 27. h3 Nxe5 28. dxe5 Qxe5 29. Rfe1 Qg5 30. g3 e5 31. Qf5 Qh4 32. Re4 Qg5 33. Rg4 Qxf5 34. Rxg8+ Kxg8 35. Bxf5 e4 36. Re1 Re5 37. Bxe4 f5 38. Bd5+ 1-0

[Event "FRA-ch U10 Girls"]
[Site "Hyeres"]
[Date "2002.??.??"]
[Round "2.4"]
[White "Fajolle, Iris"]
[Black "Le Bail, Arielle"]
[Result "0-1"]
[WhiteElo "1170"]
[BlackElo "1470"]
[PlyCount "34"]
[EventDate "2002.04.05"]
[EventType "swiss"]
[EventRounds "9"]
[EventCountry "FRA"]
[SourceTitle "EXT 2003"]
[Source "ChessBase"]
[SourceDate "2002.11.25"]
[SourceVersion "1"]
[SourceVersionDate "2002.11.25"]
[SourceQuality "1"]

1. d4 d5 2. Bf4 Nc6 3. e3 Nf6 4. Bd3 Bg4 5. Nf3 Ne4 6. 0-0 e6 7. h3 Bh5 8. Nc3 Bg6 9. Nh4 Qxh4 10. Nb5 Rc8 11. Nxc7+ Kd8 12. Nb5 a6 13. Nc3 Nxd4 14. g3 Qxh3 15. exd4 Bh5 16. Qe1 Bf3 17. Bxe4 Qg2# 0-1